000 00489nam a2200169 i 4500
001 bg
100 1 _aOSOWSKI, Feliks
245 0 _aElementy kartografii /
_cFeliks Osowski, Lech Brokman.
250 _aWyd nowe zmien.
260 _aWarszawa,
_c1970.
700 1 _aBROKMAN, Lech
040 _cBPK
041 _apol
942 _cKS
008 s pl f |000 0 pol
856 _uhttp://koha.tu.koszalin.pl/cgi-bin/koha/opac-detail.pl?biblionumber=17997
_yKatalog online BPK
999 _c17997
_d17997